000 00205nam a22000977a 4500
999 _c16103
_d16103
003 OSt
008 191106b ||||| |||| 00| 0 eng d
100 _aGandhi,M K.
_94546
245 _aGandhi,M K.
942 _cBK